| 000 | 00366nam a22001337a 4500 | ||
|---|---|---|---|
| 008 | 250411b |||||||| |||| 00| 0 eng d | ||
| 020 | _a812032692X | ||
| 050 |
_aJF1525 _b.B69 |
||
| 100 | _aBOX C. Richard | ||
| 245 | _aCritical Social Theory in Public Administration | ||
| 260 |
_aIndia _bPrentice-Hall of India Private Limited _c2005 |
||
| 300 | _a163p. | ||
| 942 | _cBK | ||
| 999 |
_c2925 _d2925 |
||